Представление документа в формате RUSMARC

ПолеНазваниеЗначение
  Тип записи a
  Библиографический уровень m
001 Контрольный номер RU/CBS_Ul/BASE/535732647
005 Дата корректировки 20240209174707.6
010 Индекс ISBN __
a ISBN 978-3-95542-204-2
d Цена 50 р. 00 к.
100 Данные общей обработки __
a Данные общей обработки 20161222d2016 ||| 0rusy0189 ca
101 Язык документа 0_
a Язык текста rus
102 Страна публикации __
a Страна публикации RU
105 Кодированные данные (монография) __
a Кодированные данные (монография) y###||||000|y
200 Заглавие и сведения об ответственности 1_
a Заглавие Факты о Германии
b Общее обозначение материала Текст
e Сведения, относящиеся к заглавию справочник для молодежи
210 Выходные данные 1_
a Место издания Шпангенберг
c Издательство [б. и.]
d Дата издания 2015
215 Физическое описание __
a Объем 71 с.
c Иллюстрации/тип воспроизводства ил.
d Формат 21 см.
300 Общие примечания __
a Общие примечания Ограничения по возрасту - 12+
606 Тематические рубрики 0_
a Основная рубрика Политика и современное политическое положение Германии - Справочники
y Географическая подрубрика Германия
610 Ключевые слова 0_
a Ключевые слова демократия
a Ключевые слова системы политические
a Ключевые слова история Германии
a Ключевые слова интеграция Германии
a Ключевые слова культура Германии
a Ключевые слова образование в Германии
a Ключевые слова климат в Германии
686 Индексы других классификаций __
a Классификационный индекс 66.2(4Гем)
2 Код системы ББК
801 Источник записи _0
a Страна RU
b Организация МБУК ЦБС
c Дата составления 20161222
g Правила каталогизации RCR
801 Источник записи _1
a Страна RU
b Организация МБУК ЦБС г. Ульяновска
c Дата составления 20161222
g Правила каталогизации RCR
899 Данные о местонахождении __
i Авторский знак Ф 18
j Расстановочный фильтр 66.2
901 Тип документа __
t Тип документа m
910 Корректоры записи __
a Корректор записи Зотова